000 01016cab a2200421 4500
001 ABS48185
008 090401t1993 xxu||||| |||| 00| 0 eng d
035 _a(Sirsi) u65381
041 _aeng
245 _aCentrefolio M3 : junctions 3-8
260 _c1993
350 _a0
490 _aCSW - The Property Week
_v42(9) 4 March 1993, 39-63(13)
650 _aAA PRINT WORKS
650 _aALDERSHOT
650 _aANDOVER
650 _aB1
650 _aBASINGSTOKE
650 _aBLACKWATER VALLEY
650 _aCAMBERLEY
650 _aDEANE
650 _aEXPRESS GRAPHICS
650 _aFARNBOROUGH
650 _aFLEET
650 _aFOOTBALL WORLD
650 _aFRIMLEY
650 _aINDUSTRIAL
650 _aOFFICES
650 _aPLANNING
650 _aRETAIL
650 _aROAD TEST
650 _aSPECTRUM POINT
650 _aSTRUCTURE PLANS
650 _aTRANSPORT
690 _aPROPERTY-COMMERCIAL PROPERTY-COMMERCIAL PROPERTY MARKET
942 _n0
948 _c04/03/1997
999 _c40768
_d40768